Rock/Metal Band by Picture - Statistics

General Stats
  • This quiz has been taken 278 times
  • The average score is 7 of 16
Answer Stats
Picture Answer % Correct
Red Hot Chili Peppers
96%
Korn
91%
Led Zeppelin
87%
Slipknot
82%
Deep Purple
72%
Iron Maiden
64%
Crowbar
44%
The Sword
36%
Gojira
34%
Black Sabbath
26%
Mastodon
26%
Nirvana
21%
Ghost
20%
Fu Manchu
6%
Genesis
6%
Clutch
3%
No matching quizzes found
Score Distribution
Percent of People with Each Score
Percentile by Number Answered
Your Score History
You have not taken this quiz